[Event "Neumarkt am Wallersee op-C 16th"]
[Site "Neumarkt am Wallersee"]
[Date "2018.09.02"]
[Round "1.1"]
[White "Suva, Karl"]
[Black "Wimmer, Michael"]
[Result "1/2-1/2"]
[WhiteElo "1575"]
[BlackElo "1158"]
[PlyCount "79"]
[EventDate "2018.09.02"]
[EventType "swiss"]
[EventRounds "7"]
[EventCountry "AUT"]
[SourceTitle "EXT 2024"]
[Source "ChessBase"]
[SourceDate "2023.10.10"]
[SourceVersion "1"]
[SourceVersionDate "2023.10.10"]
[SourceQuality "1"]

1. Nf3 d5 2. e4 dxe4 3. Ng5 e6 4. Nxe4 Nf6 5. Nbc3 Bb4 6. a3 Bxc3 7. Nxc3 0-0 8. d4 Nc6 9. Ne2 b6 10. Bg5 Bb7 11. c4 h6 12. Bh4 Re8 13. Qd3 Ne5 14. Qc3 Ng6 15. Bxf6 Qxf6 16. f3 Rad8 17. 0-0-0 e5 18. d5 c6 19. dxc6 Rxd1+ 20. Kxd1 Rd8+ 21. Kc1 Qg5+ 22. f4 Nxf4 23. Kb1 Bxc6 24. h4 Qf5+ 25. Ka2 Rd1 26. Nc1 Nxg2 27. Bd3 Qf3 28. Rxd1 Qxd1 29. Qxe5 g6 30. Qc7 Qxc1 31. Qxc6 Qd2 32. Qe8+ Kg7 33. Qe5+ Kg8 34. Qd5 Kg7 35. Qd4+ Kg8 36. Qd8+ Kg7 37. Qd4+ Kg8 38. Qd8+ Kg7 39. Qd4+ Kg8 40. Qd8+ 1/2-1/2

[Event "Arber Seniors op 6th"]
[Site "Bayerisch Eisenstein"]
[Date "2018.08.04"]
[Round "8"]
[White "Suva, Karl"]
[Black "Wacker, Manfred"]
[Result "1-0"]
[WhiteElo "1575"]
[BlackElo "1708"]
[PlyCount "85"]
[EventDate "2018.07.28"]
[EventType "swiss"]
[EventRounds "9"]
[EventCountry "GER"]
[SourceTitle "CBM 185 Extra"]
[Source "ChessBase"]
[SourceDate "2018.07.29"]
[SourceVersion "1"]
[SourceVersionDate "2018.07.29"]
[SourceQuality "1"]

1. Nf3 Nf6 2. d4 d5 3. Bg5 e6 4. e3 c5 5. c3 Be7 6. dxc5 Bxc5 7. Bd3 Nbd7 8. Qc2 h6 9. Bh4 Be7 10. Nbd2 Nc5 11. 0-0-0 Nxd3+ 12. Qxd3 Bd7 13. Ne5 Ba4 14. b3 Bc6 15. Ndf3 Qa5 16. Kb1 Ne4 17. Rc1 Bxh4 18. Nxh4 Nxf2 19. Qf1 Qc7 20. Nxc6 Nxh1 21. Nd4 Qxh2 22. Qxh1 Qxh1 23. Rxh1 Ke7 24. Nhf3 a5 25. Rf1 a4 26. Ne5 Rhf8 27. bxa4 Rxa4 28. Rf4 Ra6 29. a4 g5 30. Rg4 Kd6 31. Nd3 f5 32. Nb5+ Ke7 33. Rb4 Rc8 34. Kb2 h5 35. Nd4 Kf6 36. Rxb7 Rxa4 37. Rb6 Rac4 38. Rxe6+ Kg7 39. Nxf5+ Kf7 40. Rd6 Rxc3 41. Ne5+ Kf8 42. Rf6+ Kg8 43. Ne7+ 1-0

[Event "Arber Seniors op 6th"]
[Site "Bayerisch Eisenstein"]
[Date "2018.08.01"]
[Round "5"]
[White "Suva, Karl"]
[Black "Gulinelli, Euro"]
[Result "0-1"]
[WhiteElo "1575"]
[BlackElo "1588"]
[PlyCount "48"]
[EventDate "2018.07.28"]
[EventType "swiss"]
[EventRounds "9"]
[EventCountry "GER"]
[SourceTitle "CBM 185 Extra"]
[Source "ChessBase"]
[SourceDate "2018.07.29"]
[SourceVersion "1"]
[SourceVersionDate "2018.07.29"]
[SourceQuality "1"]

1. Nf3 d5 2. e4 dxe4 3. Ng5 Nf6 4. Nc3 Qd4 5. Qe2 Bd7 6. b3 h6 7. Ngxe4 Nxe4 8. Qxe4 Nc6 9. Qf3 0-0-0 10. Qxf7 Nb4 11. Qg6 e5 12. a3 Bc5 13. Qg3 Nxc2+ 14. Kd1 Nxa1 15. Nb5 Bxb5 16. Bxb5 Bxa3 17. Qe3 Qxe3 18. fxe3 Bxc1 19. Kxc1 Nxb3+ 20. Kc2 Nxd2 21. Bd3 e4 22. Be2 Rd6 23. Kc3 Rhd8 24. Ra1 a6 0-1

[Event "Pyramiden Franken Cup"]
[Site "Fuerth"]
[Date "2016.09.02"]
[Round "2"]
[White "Petrashov, Alexander"]
[Black "Suva, Karl"]
[Result "1-0"]
[WhiteElo "1785"]
[BlackElo "1646"]
[PlyCount "39"]
[EventDate "2016.09.01"]
[EventType "swiss"]
[EventRounds "7"]
[EventCountry "GER"]
[SourceTitle "CBM 174 Extra"]
[Source "ChessBase"]
[SourceDate "2016.10.10"]
[SourceVersion "1"]
[SourceVersionDate "2016.10.10"]
[SourceQuality "1"]

1. d4 b6 2. c4 Bb7 3. Nc3 h6 4. e4 e6 5. Bd3 c5 6. d5 g5 7. Nge2 Bg7 8. 0-0 Ne7 9. f4 f6 10. Be3 a6 11. Bc2 exd5 12. exd5 d6 13. Ng3 Nd7 14. Nce4 Qc7 15. Nh5 Kf7 16. fxg5 hxg5 17. Nxg5+ Kg8 18. Ne6 Qc8 19. Qg4 Nf5 20. Bxf5 1-0

[Event "Arber op Seniors 4th"]
[Site "Bodenmais"]
[Date "2016.08.05"]
[Round "7"]
[White "Klein, Leo"]
[Black "Suva, Karl"]
[Result "1-0"]
[WhiteElo "1863"]
[BlackElo "1200"]
[PlyCount "51"]
[EventDate "2016.07.30"]
[EventType "swiss"]
[EventRounds "9"]
[EventCountry "GER"]
[SourceTitle "EXT 2017"]
[Source "ChessBase"]
[SourceDate "2016.10.25"]
[SourceVersion "1"]
[SourceVersionDate "2016.10.25"]
[SourceQuality "1"]

1. d4 d5 2. Bf4 Bf5 3. c3 h6 4. Qb3 b6 5. Nf3 f6 6. Nbd2 g5 7. Bg3 e6 8. e3 Ne7 9. c4 Nbc6 10. Bd3 Bg6 11. Rc1 Na5 12. Bxg6+ Nxg6 13. Qd3 Kf7 14. cxd5 Qxd5 15. Rxc7+ Ne7 16. 0-0 h5 17. Ne4 Rd8 18. Nc3 Qa8 19. Ne4 h4 20. Nexg5+ fxg5 21. Nxg5+ Kg8 22. Rxe7 Rh6 23. Rxe6 Rd7 24. Rxh6 Bxh6 25. Qg6+ Rg7 26. Qe6+ 1-0